000 00503nam a2200157Ia 4500
008 230907s9999||||xx |||||||||||||| ||und||
082 _a662.669
_bASI
100 _aAsif Hussain (NUST201260733MCES64112F)
_9116269
245 0 _aComparative study of bioethanol production from sugar cane molasses by using yeast and bacteria /
264 _aIslamabad :
_bUSPCAS-E
300 _avii, 78 p.
520 _aTH-5
650 _aMS-ESE Thesis MS Thesis
700 _aDr Ehsan Ali
_928947
942 _2ddc
_cTHE
999 _c601684
_d601684